Contemporary Israel : (Record no. 27738)

MARC details
000 -LEADER
campo de control de longitud fija 02899cam a2200541 a 4500
001 - NÚMERO DE CONTROL
campo de control 85192
005 - FECHA Y HORA DE LA ÚLTIMA TRANSACCIÓN
campo de control 20230410103902.0
008 - DATOS DE LONGITUD FIJA--INFORMACIÓN GENERAL
campo de control de longitud fija 080410s2009 couab b 001 0 eng
010 ## - NÚMERO DE CONTROL DE LA BIBLIOTECA DEL CONGRESO
Número de control de LC 2008015527
035 ## - NÚMERO DE CONTROL DEL SISTEMA
Número de control de sistema (OCoLC)ocn223106454
040 ## - FUENTE DE CATALOGACIÓN
Centro catalogador/agencia de origen DLC
Centro/agencia transcriptor DLC
Centro/agencia modificador BAKER
-- BTCTA
-- YDXCP
-- C#P
-- CDX
-- BWX
-- IXA
-- VP@
-- CBC
019 ## -
-- 192056103
020 ## - NÚMERO INTERNACIONAL ESTÁNDAR DEL LIBRO
Número Internacional Estándar del Libro 0813343852
020 ## - NÚMERO INTERNACIONAL ESTÁNDAR DEL LIBRO
Número Internacional Estándar del Libro 9780813343853
029 1# - OTRO NÚMERO DE CONTROL DE SISTEMA (OCLC)
Identificador de la biblioteca OCLC AU@
Número de control de sistema 000042966640
029 1# - OTRO NÚMERO DE CONTROL DE SISTEMA (OCLC)
Identificador de la biblioteca OCLC NLGGC
Número de control de sistema 317815458
029 1# - OTRO NÚMERO DE CONTROL DE SISTEMA (OCLC)
Identificador de la biblioteca OCLC NZ1
Número de control de sistema 12516773
035 ## - NÚMERO DE CONTROL DEL SISTEMA
Número de control de sistema (OCoLC)223106454
Número de control cancelado/no válido (OCoLC)192056103
043 ## - CÓDIGO DE ÁREA GEOGRÁFICA
Código de área geográfica a-is---
050 14 - SIGNATURA TOPOGRÁFICA DE LA BIBLIOTECA DEL CONGRESO
Número de clasificación 416 DS 126.5
Número de ítem C761 2009
082 00 - NÚMERO DE LA CLASIFICACIÓN DECIMAL DEWEY
Número de clasificación 956.9405/4
049 ## - FONDOS LOCALES (OCLC)
Biblioteca depositaria GRAL
245 00 - MENCIÓN DEL TÍTULO
Título Contemporary Israel :
Resto del título domestic politics, foreign policy, and security challenges /
Mención de responsabilidad, etc. edited by Robert O. Freedman.
260 ## - PUBLICACIÓN, DISTRIBUCIÓN, ETC.
Lugar de publicación, distribución, etc. Boulder, CO :
Nombre del editor, distribuidor, etc. Westview Press,
Fecha de publicación, distribución, etc. c2009.
300 ## - DESCRIPCIÓN FÍSICA
Extensión xviii, 382 p. :
Otras características físicas ill., maps ;
Dimensiones 23 cm.
504 ## - NOTA DE BIBLIOGRAFÍA, ETC.
Nota de bibliografía, etc. Includes bibliographical references (p. 357-365) and index.
505 0# - NOTA DE CONTENIDO CON FORMATO
Nota de contenido con formato Israel's domestic politics: The Israeli right / Ilan Peleg -- After Rabin : the malaise of the Israeli Zionist left / Mark Rosenblum -- Israel's religious parties / Shmuel Sander and Aaron Kampinsky -- Israel's "Russian" parties / Vladimir (Ze'ev) Khanin -- Israel's Arab parties / Hillel Frisch -- Israel's supreme court / Pnina Lahav -- The Israeli economy / Ofira Seliktar -- Israel's foreign policy : Israel and the Palestinians / Barry Rubin -- Israel and the Arab world / David W. Lesch -- Israel's strategic relations with Turkey and India / Efraim Inbar -- Israel and the United States / Robert O. Freedman -- Israel's security challenges: Existential threats to Israel / Steven R. David -- Israel's 2006 war with Hizbollah : the failure of deterrence / Elli Lieberman.
650 #0 - PUNTO DE ACCESO ADICIONAL DE MATERIA--TÉRMINO DE MATERIA
Término de materia o nombre geográfico como elemento de entrada Arab-Israeli conflict
Subdivisión general Influence.
651 #0 - PUNTO DE ACCESO ADICIONAL DE MATERIA--NOMBRE GEOGRÁFICO
Nombre geográfico Israel
Subdivisión general History
Subdivisión cronológica 21st century.
651 #0 - PUNTO DE ACCESO ADICIONAL DE MATERIA--NOMBRE GEOGRÁFICO
Nombre geográfico Israel
Subdivisión general Politics and government
Subdivisión cronológica 21st century.
651 #0 - PUNTO DE ACCESO ADICIONAL DE MATERIA--NOMBRE GEOGRÁFICO
Nombre geográfico Israel
Subdivisión general Foreign relations.
650 #0 - PUNTO DE ACCESO ADICIONAL DE MATERIA--TÉRMINO DE MATERIA
Término de materia o nombre geográfico como elemento de entrada Arabe-Israelí conflictos
Subdivisión general Influencias
651 #4 - PUNTO DE ACCESO ADICIONAL DE MATERIA--NOMBRE GEOGRÁFICO
Nombre geográfico Israel
Subdivisión general Historia
Subdivisión cronológica Siglo XXI
651 #4 - PUNTO DE ACCESO ADICIONAL DE MATERIA--NOMBRE GEOGRÁFICO
Nombre geográfico Israel
Subdivisión general Política y gobierno
Subdivisión cronológica Siglo XXI
651 #4 - PUNTO DE ACCESO ADICIONAL DE MATERIA--NOMBRE GEOGRÁFICO
Nombre geográfico Israel
Subdivisión general Relaciones internacionales
700 1# - ENTRADA AGREGADA--NOMBRE PERSONAL
Nombre de persona Freedman, Robert Owen.
856 41 - LOCALIZACIÓN Y ACCESO ELECTRÓNICOS
Materiales especificados Table of contents only
Identificador Uniforme de Recursos <a href="http://www.loc.gov/catdir/toc/ecip0815/2008015527.html">http://www.loc.gov/catdir/toc/ecip0815/2008015527.html</a>
856 42 - LOCALIZACIÓN Y ACCESO ELECTRÓNICOS
Materiales especificados Contributor biographical information
Identificador Uniforme de Recursos <a href="http://www.loc.gov/catdir/enhancements/fy0916/2008015527-b.html">http://www.loc.gov/catdir/enhancements/fy0916/2008015527-b.html</a>
856 42 - LOCALIZACIÓN Y ACCESO ELECTRÓNICOS
Materiales especificados Publisher description
Identificador Uniforme de Recursos <a href="http://www.loc.gov/catdir/enhancements/fy0916/2008015527-d.html">http://www.loc.gov/catdir/enhancements/fy0916/2008015527-d.html</a>
938 ## -
-- Baker & Taylor
-- BKTY
-- 40.00
-- 40.00
-- 0813343852
-- 0007631285
-- active
938 ## -
-- Baker and Taylor
-- BTCP
-- 2008015527
938 ## -
-- YBP Library Services
-- YANK
-- 2773231
938 ## -
-- Coutts Information Services
-- COUT
-- 7782341
-- 40.00 USD
938 ## -
-- Blackwell Book Service
-- BBUS
-- R4731524
-- $40.00
942 ## - ELEMENTOS DE ENTRADA SECUNDARIOS (KOHA)
Fuente del sistema de clasificación o colocación Clasificación de Library of Congress
Tipo de ítem Koha
994 ## -
-- C0
-- DRFGD
946 ## - PROCESAMIENTO DE INFORMACIÓN LOCAL (OCLC)
a MF
Holdings
Estatus retirado Estado de pérdida Fuente del sistema de clasificación o colocación Estado de daño No para préstamo Colección Biblioteca de origen Biblioteca actual Ubicación en estantería Fecha de adquisición Serial enumeration / chronology Signatura topográfica completa Código de barras Visto por última vez Copia número Tipo de ítem Koha
    Clasificación de Library of Congress     Recursos Regionales Biblioteca Juan Bosch Biblioteca Juan Bosch Recursos Regionales (2do. Piso) 10/04/2023 1 416 DS 126.5 C761 2009 00000080602 23/10/2018 1